Statystyki dla Azja i Afryka (klasa 8)

Kliknij tutaj aby rozwiązać quiz!

Ogólne statystyki

  • Ten quiz został rozwiązany 71 razy
    (64 od ostatniego zresetowania)
  • Średni wynik to 17 z 30

Statystyki odpowiedzi

ZagadnienieOdpowiedź% Poprawnych
Najdłuższa rzeka Afryki to:Nil
85%
Kraj Kwitnącej Wiśni to:Japonia
84%
Które państwo leży w Azji?Singapur
82%
Który kraj leży w Afryce?Wszystkie wymienione wyżej
80%
Co jest stolicą Indii?New Delhi
78%
Częścią którego kontynentu jest Bliski Wschód?Azji
76%
Jaka religia dominuje na Bliskim Wschodzie?islam
75%
Jak nazywa się najwyżej położona na świecie wyżyna?Wyżyna Tybetańska
75%
Rekordy geograficzne Azji. Wskaż błędną odpowiedź.największa pustynia na świecie
71%
Z jakimi oceanami sąsiaduje Afryka?Oceanem Atlantyckim i Indyjskim
69%
Który kraj Azji położony jest w całości na wyspach?Japonia
65%
Co to jest monsun?Sezonowo wiejący wiatr między oceanem a lądem
64%
Na terenie jakiego państwa są najwyższe góry na świecie?Indie
62%
Stolica Kenii to:Nairobi
62%
Afryka położona jest na:półkuli północnej, wschodniej, południowej i zachodniej
62%
Główny hamulec rozwojowy państw w Afryce oprócz gruźlicy, malarii i AIDS to:analfabetyzm
58%
Gdzie występuje klimat monsunowy?Wszystkie wymienione wyżej
55%
Jaka jest powierzchnia Azji?44,5 mln km2
51%
Przyrodnicze przyczyny występowania głodu w Etiopii to:susza i pustynnienie
47%
Co głównie uprawia się w rolnictwie plantacyjnym?wszystko wymienione wyżej
45%
Walory turystyczne Kenii to:wszystkie odpowiedzi poprawne
44%
Obszar obejmujący południowe krańce Sahary, leżący na pograniczu pustyni i sawanny to:Sahel
40%
Gdzie stosuje się rolnictwo żarowo - odłogowe?w lasach równikowych
36%
W jakiej strefie klimatycznej znajduje się największa pustynia świata - Sahara?zwrotnikowej
36%
Ile stref klimatycznych ma Afryka?3
35%
Afryka to kontynent:wyżynny
35%
Ludzie nie posiadający stałych siedzib, przemieszczający się z miejsca na miejsce, najczęściej w poszukiwaniu nowych pastwisk dla swoich zwierząt to:D. odpowiedzi A. i C. poprawne
33%
Czy Chiny mają swoją wyspę?Tak, Hajnan
33%
Gdzie spośród podanych państw jest największa gęstość zaludnienia?w Indiach
27%
Jaka religia dominuje w Chinach?shintoizm
15%

Rozkład punktacji

Percentyl według liczby udzielonych odpowiedzi

Procent ludzi z każdym wynikiem

Twoja historia wyników

Nie rozwiązałeś tego quizu od ostatniego zresetowania